000 00712nam a2200217Ia 4500
003 GCL
008 140319s9999 xx 000 0 ara d
040 _aGCL /
_cGCL
082 0 4 _aد
_b050
100 1 _aفؤاد كامل (مترجم)
245 1 0 _aفكرة الزمان عبر التاريخ (عالم المعرفة 159 ) /
_cفؤاد كامل (مترجم)
700 1 _aولسون ، كولن
700 1 _aشوقى جلال
260 _a[S.N] :
_bالمجلس الوطنى للثقافة والفنون والاداب ،
_c1992
300 _a355 ص
490 _aكتاب المواهب
_v0
650 0 4 _aالفلسفة
650 0 4 _aالوجودية
650 0 4 _aالزمان
942 _2ddc
_cCF
999 _c27026
_d27026